Name Top 100 countries by nominal GDP - Statistics

General Stats
  • This quiz has been taken 754 times
    626 since last reset
  • The average score is 79 of 100
Answers on the Map
Answers color-coded by a green-red scale on the quiz's map according to % correct below.
 
Answer Stats
Country % Correct
United States
98%
Canada
95%
China/PRC
95%
United Kingdom
94%
Brazil
93%
India
93%
Japan
92%
Mexico
92%
Russia
92%
France
91%
Australia
90%
South Korea
90%
Spain
90%
Germany
89%
Italy
89%
Argentina
88%
Egypt
88%
Indonesia
88%
Sweden
88%
Turkey
88%
Iran
87%
Norway
87%
Chile
86%
Finland
86%
Greece
86%
Netherlands
86%
Portugal
86%
Saudi Arabia
86%
South Africa
86%
Ukraine
86%
Denmark
85%
Pakistan
85%
Poland
85%
Switzerland
85%
Belgium
84%
Ireland
84%
New Zealand
84%
United Arab Emirates
84%
Algeria
83%
Austria
83%
Colombia
83%
Nigeria
83%
Peru
83%
Vietnam
83%
Iraq
82%
Israel
82%
Kazakhstan
82%
Morocco
82%
Romania
82%
Estonia
81%
Philippines
81%
Qatar
81%
Slovakia
81%
Thailand
81%
Czech Republic
80%
Latvia
80%
Lithuania
80%
Oman
80%
ROC/Taiwan
80%
Serbia
80%
Ecuador
79%
Uruguay
79%
Venezuela
79%
Croatia
78%
Hungary
78%
Malaysia
78%
Paraguay
78%
Singapore
78%
Bolivia
77%
Bulgaria
77%
Slovenia
77%
Bangladesh
76%
Belarus
76%
D.R Congo
76%
Ethiopia
76%
Dominican Republic
75%
Panama
75%
Kenya
74%
Luxembourg
74%
Uzbekistan
73%
Kuwait
72%
Myanmar
72%
Tanzania
72%
Tunisia
72%
Jordan
71%
Libya
71%
Angola
70%
Bahrain
70%
Syria
70%
Ghana
67%
Sri Lanka
67%
Costa Rica
66%
Lebanon
65%
Azerbaijan
64%
Guatemala
64%
Turkmenistan
63%
Cameroon
60%
Ivory Coast
58%
Hong Kong
17%
Macau
14%
No matching quizzes found
Score Distribution
Percent of People with Each Score
Percentile by Number Answered
Your Score History
You have not taken this quiz since the last reset